000 00912nam a2200205Ii 4500
003 JO-AjNU
008 230605s9999||||xx |||||||||||||| ||und||
040 _aJO-AjNU
_bara
_erda
_cJO-AjNU
041 _aara
050 1 4 _aBP940.32.K5792 2002
100 3 _aجامعة الشارقة،ندوة دور المؤسسات المصرفية الإسلامية في الإستثمار والتنمية,
_eauthor
_956417
245 0 0 _aكتاب الوقائع: دور المؤسسات المصرفية الإسلامية في الإستثمار والتنمية، ج1
264 3 1 _aالشارقة: جامعة الشارقة، 2002
300 _aج1، 657ص
336 _atext
_btxt
_2rdacontent
337 _aunmediated
_bn
_2rdamedia
338 _avolume
_bnc
_2rdacarrier
490 0 _aالنشر العلمي
650 4 _aالبنوك الاسلامية- الاقتصاد الاسلامي- الاستثمار
_956418
999 _aA25221
_c28789
_d28789